000 00306nam a22001457a 4500
008 210609b ||||| |||| 00| 0 eng d
020 _a0808908057
041 _aeng
080 _a61
082 _a61
100 _a3
101 _aSHM
245 _aPulmonary Care
_cRobert F. Johnston
942 _2udc
_cBK
999 _c58088
_d58088